[Event "Memorial C.Torre (knockout)"]
[Site "masterchessopen.com Merida (Mexico)"]
[Date "2005.12.20"]
[Round "2"]
[White "Vera Reynaldo (CUB)"]
[Black "Mitkov Nikola (MKD)"]
[Result "1/2-1/2"]
[WhiteElo "2481"]
[BlackElo "2520"]

1.d4 Nf6 2.c4 e6 3.Nc3 Bb4 4.Qc2 d6 5.e3 O-O 6.Bd3 c5 7.Ne2 Nc6 8.O-O h6 9.b3
Ba5 10.a3 cxd4 11.Nxd4 d5 12.Nf3 dxc4 13.Bxc4 a6 14.Bb2 b5 15.Rfd1 Qe7 16.Bd3
Bb7 17.b4 Bb6 18.Rac1 Rac8 19.Qe2 {#d} 1/2-1/2

[Event "It (open)"]
[Site "masterchessopen.com Castelldefels (Spain)"]
[Round "8"]
[White "Szoen Dariusz (POL)"]
[Black "Maleki Manuel (FRA)"]
[Result "1-0"]
[WhiteElo "2437"]
[BlackElo "2128"]

1.d4 Nf6 2.c4 e6 3.Nc3 Bb4 4.Qc2 d6 5.Nf3 Nbd7 6.e3 e5 7.Bd2 Qe7 8.a3 Bxc3
9.Bxc3 e4 10.Nd2 c6 11.g4 h6 12.Rg1 Nb8 13.Be2 a5 14.h4 d5 15.g5 hxg5 16.hxg5
Nh7 17.cxd5 cxd5 18.g6 fxg6 19.Bxa5 Nc6 20.Bb6 Qd6 21.Bc5 Qf6 22.Qb3 Qf7
23.O-O-O Nf6 24.f3 Rh2 25.Bb5 Bf5 26.fxe4 Bxe4 27.Rdf1 Qe6 28.Nxe4 Qxe4 29.Bd3
Qxe3+ 30.Kb1 Kd8 31.Bb6+ {#r} 1-0

[Event "It (open)"]
[Site "masterchessopen.com Sevilla (Spain)"]
[Date "2006.01.08"]
[Round "2"]
[White "Gomez Esteban Juan Mario (ESP)"]
[Black "Suarez Fernandez Enrique Oliver (ESP)"]
[Result "1-0"]
[WhiteElo "2486"]
[BlackElo "1995"]

1.d4 Nf6 2.c4 e6 3.Nc3 Bb4 4.Qc2 d6 5.e4 Bxc3+ 6.bxc3 e5 7.Bd3 O-O 8.Ne2 Nbd7
9.O-O Re8 10.f4 exf4 11.Bxf4 Nh5 12.Bd2 Nf8 13.h3 g6 14.Rf3 Ne6 15.Raf1 Ng5
16.Re3 c5 17.d5 f6 18.e5 fxe5 19.Bxg6 hxg6 20.Qxg6+ Ng7 21.Rg3 Rf8 22.Bxg5
Rxf1+ 23.Kxf1 Bf5 24.Qh6 Qd7 25.Bf6 {#r} 1-0

[Event "It (cat.12)"]
[Site "masterchessopen.com Pulvermuehle (Germany)"]
[Date "2006.02.28"]
[Round "4"]
[White "Gustafsson Jan (GER)"]
[Black "Korchnoi Viktor (SUI)"]
[Result "1/2-1/2"]
[WhiteElo "2584"]
[BlackElo "2607"]

{ Gustafsson Jan (GER) +11 =10 -0 Korchnoi Viktor (SUI) +11 =9 -2 } 1.d4 Nf6
2.c4 e6 3.Nc3 Bb4 4.Qc2 d6 ( 4...O-O 5.a3 Bxc3+ 6.Qxc3 d6 7.Nf3 b6 8.e3 Ba6
9.Be2 Nbd7 10.b4 c5 11.Bb2 Rc8 12.Nd2 cxb4 13.axb4 Bxc4 14.Nxc4 b5 15.Qb3 bxc4
16.Bxc4 Nb6 17.Bd3 Qd7 18.O-O d5 19.b5 Nc4 20.Rfc1 Nxb2 21.Qxb2 Rxc1+ 22.Rxc1
g6 23.h3 Rb8 24.Qa3 { ...1/2-1/2, Kobalia Mikhail 2654 - Korchnoi Viktor 2608
, Gibraltar 28. 1.2006 It (open) "Gibtelecom Masters" } ) 5.Bg5 { = } 5...c5 (
5...Nbd7 6.e3 b6 7.Bd3 Bb7 8.f3 h6 9.Bh4 Bxc3+ 10.Qxc3 e5 11.e4 Nxe4 12.Bxd8
Nxc3 13.Bxc7 e4 14.bxc3 exd3 15.Kd2 O-O 16.Bxd6 Rfe8 17.Kxd3 Re6 18.Bg3 Rae8
19.Nh3 Re2 20.Bf2 Bc8 21.c5 Nxc5+ 22.dxc5 Bxh3 23.gxh3 Rxf2 24.Rhf1 Rxh2
25.cxb6 { ...1/2-1/2, Turner Matthew 2491 - Speelman Jonathan S 2623 ,
Millfield 2000 Ch Great Britain } ) 6.dxc5 ( 6.e3 h6 7.Bh4 Nc6 8.dxc5 dxc5
9.a3 Bxc3+ 10.Qxc3 e5 11.Bd3 Qa5 12.Ne2 Be6 13.Bxf6 { 1/2-1/2, Greenfeld Alon
2535 - Smyslov Vassily 2570 , Beer-Sheva 1990 It (cat.13) } ) 6...dxc5 7.a3 (
7.e3 h6 8.Bh4 Nc6 9.Ne2 e5 10.a3 Ba5 11.Rd1 Qe7 12.Bxf6 Qxf6 13.Ng3 O-O 14.Be2
Qh4 15.O-O f5 16.Nb5 Qe7 17.Nd6 g6 18.Nxc8 Raxc8 19.Rd5 Rcd8 20.Rfd1 e4 21.Bf1
Bc7 22.Ne2 Be5 23.Nc3 h5 24.Rxd8 Rxd8 25.Nd5 Qd6 26.g3 h4 { ...1/2-1/2,
Sasikiran Krishnan 2663 - Korchnoi Viktor 2620 , Paks 12. 6.2005 Memorial
Gyorgy Marx (cat.16) } ) 7...Ba5 8.e3 { +0.37 CAP N } ( 8.Nf3 Nc6 9.e3 h6
10.Bh4 Qe7 11.Be2 e5 12.Nd2 Bxc3 13.Qxc3 Bf5 14.g4 Bg6 15.Bf3 e4 16.Be2 Ne5
17.O-O-O O-O 18.Rhg1 Rfe8 19.Nb3 b6 20.h3 a5 21.Kb1 Qe6 22.Ka1 a4 23.Nc1 Nh7
24.Bg3 Ng5 25.Bxe5 Qxe5 26.Qxe5 Rxe5 27.h4 Nf3 { ...0-1, Shishkov Andrei 2150
- Karner Hillar 2325 , Tallinn 1996 Ch Estonia } ) 8...Bd7 9.O-O-O Qe7 10.Nf3
Bc6 11.Ne5 h6 12.Bh4 Bc7 { ?! } ( 12...O-O { !? } 13.Bd3 Bxc3 14.Qxc3 Rd8 { }
) 13.Nxc6 Nxc6 14.Be2 g5 15.Bg3 Bxg3 16.hxg3 Kf8 17.f4 Kg7 18.Bf3 Rac8 19.Ne4
Nxe4 20.Bxe4 Rcd8 21.Bxc6 bxc6 22.Qc3+ f6 23.Qa5 e5 24.f5 e4 25.Qc3 h5 26.Rxd8
Rxd8 27.Rxh5 { ?! } ( 27.Qc2 { !? } 27...Rd3 28.Rxh5 a6 29.Qe2 { } ) 27...Qd7
{ ?! } ( 27...Qd6 { !? } 28.Qe1 Qd3 29.Rh1 Qxc4+ { } ) 28.Rh1 Qxf5 29.Kb1 Qd7
{ } {#d} 1/2-1/2

[Event "Ch SCG"]
[Site "masterchessopen.com Pancevo (Yugoslavia)"]
[Date "2006.03.11"]
[Round "12"]
[White "Lajthajm Borko (SRB)"]
[Black "Abramovic Bosko (SRB)"]
[Result "1/2-1/2"]
[WhiteElo "2519"]
[BlackElo "2524"]

1.d4 Nf6 2.c4 e6 3.Nc3 Bb4 4.Qc2 d6 5.Nf3 Nbd7 6.e3 O-O 7.Be2 e5 8.O-O Re8
9.dxe5 dxe5 10.Rd1 c6 11.a3 Bf8 12.Ng5 Qc7 13.b4 h6 14.Nge4 a5 15.Rb1 axb4
16.axb4 Nxe4 17.Nxe4 f5 18.Ng3 g6 19.Bd2 Nf6 20.Bc3 Be6 21.Nf1 Nd7 22.Nd2 Bf7
23.Ra1 e4 24.c5 Ne5 25.Bd4 Bg7 26.Qc3 Kh7 27.h3 h5 28.Rxa8 Rxa8 29.f3 exf3
30.Nxf3 Nxf3+ 31.Bxf3 Bh6 32.e4 Be6 33.Be5 Qf7 34.exf5 Bxf5 35.Rf1 Qe6 36.Re1
Qf7 37.Bd6 Re8 38.Kh2 Rxe1 39.Qxe1 Bd3 40.Qe5 Bg7 41.Qe3 Bc4 42.Be4 Qe6 43.Qf4
{#d} 1/2-1/2

[Event "It (open)"]
[Site "masterchessopen.com Lyons (France)"]
[Round "5"]
[White "Benitah Yohan (FRA)"]
[Black "Ikonnikov Vyacheslav (RUS)"]
[Result "1/2-1/2"]
[WhiteElo "2412"]
[BlackElo "2587"]

1.d4 Nf6 2.c4 e6 3.Nc3 Bb4 4.Qc2 d6 5.Bg5 c5 6.e3 h6 7.Bh4 Nc6 8.dxc5 dxc5
9.a3 Bxc3+ 10.Qxc3 Qa5 11.Qxa5 Nxa5 12.f3 Nb3 13.Rd1 a5 14.Ne2 a4 15.Nc3 Bd7
16.Bxf6 gxf6 17.Ne4 Ke7 18.Nxf6 Bc6 19.Ng4 f6 20.Bd3 h5 21.Nf2 Rhg8 22.Kf1
Rad8 23.Rg1 Rd6 24.Ke2 Rgd8 25.h4 Be8 26.Rh1 f5 27.Rhe1 Bc6 28.Rg1 Rf8 29.Bc2
Rxd1 30.Rxd1 Na5 31.Bd3 e5 32.Kf1 Bd7 33.f4 e4 34.Be2 Be6 35.Rc1 Rd8 36.Ke1
Rg8 37.Kf1 Rd8 38.Ke1 Rg8 {#d} 1/2-1/2

[Event "It (cat.8)"]
[Site "masterchessopen.com Budapest (Hungary)"]
[Date "2006.04.04"]
[Round "4"]
[White "Hera Imre Jr (HUN)"]
[Black "Ilincic Zlatko (SRB)"]
[Result "1/2-1/2"]
[WhiteElo "2510"]
[BlackElo "2451"]

{ Hera Imre Jr (HUN) +0 =0 -1 } 1.d4 Nf6 2.c4 e6 3.Nc3 Bb4 4.Qc2 d6 5.Nf3 Nbd7
6.Bg5 { ? = } ( 6.g3 b6 7.Bg2 Bb7 8.O-O Bxc3 9.Qxc3 a5 10.Rd1 O-O 11.b3 h6
12.Bb2 Re8 13.Rac1 Qe7 14.d5 Nc5 15.Nd4 Qf8 16.Nb5 Rac8 17.Qc2 Qe7 18.e3 Red8
19.a3 a4 20.Bxf6 Qxf6 21.b4 Nb3 22.Rb1 c5 23.dxc6 Rxc6 24.Nd4 Nxd4 25.exd4 d5
{ ...1-0, Bareev Evgeny 2715 - Adams Michael 2740 , Cap d'Agde 2003 It
(active) (Gr.A) } ) 6...c5 ( 6...O-O 7.e3 h6 8.Bh4 c5 9.Be2 cxd4 10.Nxd4 a6
11.O-O Qc7 12.a3 Bxc3 13.Qxc3 b6 14.Rfd1 Bb7 15.Rac1 Rac8 16.f3 Qb8 17.Qd2
Rfd8 18.b4 g5 19.Bg3 Ne5 20.Qb2 Nh5 21.Bxe5 dxe5 22.Nb3 Ng7 23.e4 a5 24.Rxd8+
Rxd8 25.Rd1 Rxd1+ 26.Bxd1 { ...1/2-1/2, Glek Igor V 2615 - Yudasin Leonid 2625
, Tilburg 1994 It "Interpolis" } ) 7.a3 { -0.18 CAP } ( 7.e3 Qa5 8.Bd3 cxd4
9.exd4 Bxc3+ 10.bxc3 Qc7 11.O-O b6 12.Rae1 O-O 13.Re3 Bb7 14.Nd2 Rfe8 15.Rg3
g6 16.f4 Nh5 17.Re3 Ng7 18.Rfe1 Rac8 19.Bh6 Nf6 20.Bg5 Nd7 21.Bh6 d5 22.cxd5
Bxd5 23.c4 b5 24.c5 Rb8 25.f5 exf5 26.Rxe8+ Nxe8 { ...1/2-1/2, Akesson Ralf
2486 - Agrest Evgenij 2571 , Sweden 15. 1.2005 Ch Sweden (team) 2004/05 } ) (
7.dxc5 Nxc5 8.Nd2 Qa5 9.Bxf6 gxf6 10.Rc1 Bd7 11.a3 Bxc3 12.Qxc3 Qxc3 13.Rxc3
a5 14.b3 f5 15.e3 Bc6 16.f3 Ke7 17.Kf2 Rhb8 18.a4 Rd8 19.Be2 Rac8 20.Rhc1 Na6
21.e4 fxe4 22.fxe4 Nc5 23.Re3 Rg8 24.g3 Nd7 25.h3 Rg7 26.Re1 Rcg8 { ...0-1,
Eriksson Johan 2385 - Agrest Evgenij 2545 , Ronneby 1998 Ch Sweden } ) 7...Ba5
{ N } ( 7...Bxc3+ 8.Qxc3 h6 9.Bf4 cxd4 10.Nxd4 e5 11.Nb5 exf4 12.Nxd6+ Kf8
13.Rd1 Qc7 14.Qd4 Qb6 15.Qd2 Nc5 16.b4 Ne6 17.e4 fxe3 18.fxe3 Bd7 19.c5 Qc7
20.Bc4 Rd8 21.Qf2 Ba4 22.Rd2 Rxd6 23.Rxd6 Ne4 24.Qe2 Nxd6 25.cxd6 Qxd6 26.O-O
Ke7 27.Qf3 { ...1/2-1/2, Bruelhart Karin - Borek Jutta 2072 , Novi Sad 1990
Olympiad } ) 8.dxc5 { ?! } ( 8.e3 { !? } 8...Bxc3+ 9.bxc3 h6 10.Bxf6 Nxf6
11.Be2 b6 12.O-O Bb7 13.Qa4+ Qd7 14.Qc2 { } ) 8...dxc5 { ?! } ( 8...Nxc5 { !?
} ) 9.O-O-O Bxc3 10.Qxc3 O-O 11.Ne5 { ? } ( 11.h4 b5 12.cxb5 Qb6 13.e3 Bb7
14.a4 Nd5 15.Qc2 a6 16.Bc4 axb5 17.Bxb5 { } ) 11...Ne4 12.Bxd8 Nxc3 13.Rxd7
Bxd7 14.Bh4 Ba4 { ?? } ( 14...Na2+ 15.Kd2 { } ) 15.bxc3 f6 16.Nd3 b6 17.e4 Bb3
18.Nb2 Rad8 19.Be2 Rd7 20.Bd1 Bxd1 21.Rxd1 Rxd1+ 22.Kxd1 g5 23.Bg3 f5 24.Be5
fxe4 25.Ke2 Kf7 26.Nd1 h5 27.Ne3 Kg6 28.Nf1 Rd8 29.Ng3 Rd7 30.Bb8 Rb7 31.Bd6
Rd7 32.Nxe4 Kf5 33.f3 g4 34.Bb8 gxf3+ 35.gxf3 e5 36.h4 Ke6 37.a4 Rb7 38.Bd6
Rg7 39.Kf2 Rd7 40.Ke3 { ? } ( 40.Bxc5 Rc7 41.Bb4 Rxc4 42.Ke3 Rc7 43.Ng5+ Kf5
44.a5 b5 45.Ne4 Ke6 { } ) 40...Rxd6 41.Nxd6 Kxd6 { } {#d} 1/2-1/2

[Event "Ch Europe"]
[Site "masterchessopen.com Kusadasi (Turkey)"]
[Date "2006.04.08"]
[Round "5"]
[White "Georgiev Kiril (MKD)"]
[Black "Dgebuadze Alexandre (BEL)"]
[Result "1-0"]
[WhiteElo "2680"]
[BlackElo "2527"]

{ Georgiev Kiril (MKD) +10 =11 -4 Dgebuadze Alexandre (BEL) +3 =3 -2 } 1.d4 e6
2.c4 Nf6 3.Nc3 Bb4 4.Qc2 d6 ( 4...O-O 5.Nf3 d6 6.Bg5 Nbd7 7.e3 h6 8.Bh4 Qe8
9.Be2 b6 10.O-O Bxc3 11.Qxc3 Ne4 12.Qc2 f5 13.Bd3 Bb7 14.Rad1 Qh5 15.Bg3 Ndf6
16.a3 Nxg3 17.fxg3 Rae8 18.b4 Ng4 19.h3 Nxe3 20.Qe2 Nxd1 21.Rxd1 Bxf3 22.Qxf3
Qxf3 23.gxf3 e5 24.dxe5 { ...0-1, Guyon Le Bouffy Joseph - Dgebuadze Alexandre
2535 , Livry Gargan 15. 5.2005 It (open) (active) } ) 5.a3 ( 5.Nf3 O-O 6.Bg5
Nbd7 7.e3 h6 8.Bh4 b6 9.Nd2 e5 10.dxe5 Bxc3 11.Qxc3 Nxe5 12.Be2 Bb7 13.f3 Re8
14.Bg3 Qe7 15.O-O c5 16.Rfe1 d5 17.Rad1 Rad8 18.Bf1 dxc4 19.Nxc4 Nxc4 20.Bxc4
Rxd1 21.Rxd1 Qxe3+ 22.Qxe3 Rxe3 23.Bb8 Re7 24.Rd8+ Re8 { ...1/2-1/2, Georgiev
Kiril 2615 - Hracek Zbynek 2530 , Pardubice 1994 It (cat.15) "Komercni banka
Cup" } ) 5...Bxc3+ 6.Qxc3 Nbd7 7.Nf3 ( 7.g3 O-O 8.Bg2 e5 9.Nf3 Re8 10.O-O c6
11.dxe5 dxe5 12.b4 Qc7 13.Bb2 Nb6 14.a4 Nbd7 15.a5 Ne4 16.Qc2 Nd6 17.Rfd1 f6
18.c5 Nf7 19.a6 bxa6 20.Nd2 Rb8 21.Bc3 Nf8 22.Be4 Ng5 23.Bd3 Bh3 24.Rxa6 Kh8
25.Rda1 Ra8 26.Ne4 Nf7 { ...1-0, Ftacnik Lubomir 2616 - Agrest Evgenij 2574 ,
Bled 2002 Olympiad } ) ( 7.e3 O-O 8.Bd3 e5 9.Ne2 Re8 10.O-O c6 11.Ng3 e4
12.Bc2 Nf8 13.f3 d5 14.fxe4 dxe4 15.b3 h5 16.Bb2 h4 17.Nf5 Bxf5 18.Rxf5 Rc8
19.Raf1 Ng6 20.Qe1 Re6 21.b4 Rc7 22.Bb3 Rd6 23.h3 a6 24.a4 Rcd7 25.a5 Nh7
26.d5 cxd5 { ...1-0, Najdorf Miguel 2525 - Rubinetti Jorge 2382 , Buenos Aires
1973 It } ) 7...b6 { ?/= } ( 7...a5 8.b3 b6 9.g3 Bb7 10.Bg2 c5 11.O-O O-O
12.Bb2 Qe7 13.Rad1 Ne4 14.Qe3 f5 15.Nd2 cxd4 16.Bxd4 e5 17.Nxe4 exd4 18.Qg5
Qe5 19.f4 Qe6 20.Nf2 Bxg2 21.Kxg2 a4 22.b4 Qxc4 23.Rd3 Rae8 24.Rfd1 Rxe2
25.Rxd4 Qc2 26.Rf1 Nf6 27.Kg1 { ...0-1, Haik Aldo 2440 - Kurajica Bojan 2545 ,
Smederevska Palanka 1982 It (cat.9) } ) ( 7...O-O 8.e3 b6 9.b4 Bb7 10.Be2 a5
11.O-O Ne4 12.Qb2 f5 13.Bd2 Rf6 14.bxa5 Nxd2 15.Nxd2 Rxa5 16.Bf3 Bxf3 17.Nxf3
Rg6 18.Qa2 Qa8 19.Kh1 Qe4 20.Rfb1 Nf6 21.Rb5 Ra8 22.h3 Qc6 23.Qb3 Ne4 24.Ra2
Qe8 25.a4 Rf6 26.Kg1 Rf8 27.Nd2 { ...0-1, Barkhagen Jonas 2458 - Sokolov Ivan
2688 , Sweden 2002 Ch Sweden (team) 2001/02 } ) 8.g3 Bb7 9.Bg2 Qe7 ( 9...O-O
10.O-O a5 11.b3 Qe7 12.Bb2 Rfe8 13.Rfe1 Be4 14.Bf1 c5 15.Nd2 cxd4 16.Qxd4 e5
17.Qc3 Rac8 18.Nxe4 Nxe4 19.Qe3 Nef6 20.Rac1 Qe6 21.Red1 d5 22.cxd5 Nxd5
23.Qd3 N5f6 24.b4 axb4 25.axb4 h5 26.Bg2 h4 27.e4 hxg3 28.hxg3 Rxc1 29.Bxc1 {
...0-1, Korchnoi Viktor 2575 - Karpov Anatoly 2715 , Biel 1992 It } ) 10.O-O {
+0.41 CAP } 10...h6 { N } ( 10...O-O 11.b4 Ne4 12.Qc2 a5 13.Bb2 f5 14.Ne1 axb4
15.axb4 c5 16.Nd3 Rfc8 17.dxc5 bxc5 18.b5 Nb6 19.f3 Nf6 20.Rxa8 Rxa8 21.Ra1
Qe8 22.Bxf6 gxf6 23.Rd1 Qe7 24.Bf1 Ra4 25.Nb2 Ra8 26.Qc3 d5 27.cxd5 Nxd5
28.Qc1 c4 29.Nxc4 Qc5+ 30.e3 { ...1-0, Kasparov Garry 2847 - Paehtz Elisabeth
2384 , Munich 2002 Match (blitz) } ) 11.b4 a5 12.Bb2 axb4 13.axb4 O-O 14.b5
Rxa1 15.Rxa1 Ra8 16.Rxa8+ Bxa8 17.Qa3 Qd8 18.Bh3 Bb7 19.Nd2 Ne4 20.Nxe4 Bxe4
21.f3 Bf5 22.Bf1 Bg6 23.e4 f6 24.Bh3 Bf7 25.Bc1 e5 26.d5 Nc5 27.Be3 Be8
28.Bxc5 dxc5 29.f4 Bg6 30.Be6+ Kh8 31.f5 Bh5 32.d6 { ?! } ( 32.Kg2 Bg4 33.Qa7
Bh5 34.Qa2 { } ) 32...cxd6 33.Qa7 Be8 34.Kf2 h5 { ? } ( 34...Bh5 35.Kg1 Bf3
36.Bd5 Bg4 { } ) 35.Ke3 Kh7 36.Bd5 h4 37.g4 Kh6 38.Bc6 g6 39.h3 gxf5 40.exf5
e4 { ?! } ( 40...d5 41.Bxe8 d4+ 42.Ke2 Qxe8 { } ) 41.Bd5 Bd7 42.Bf7 Bc8 43.Qb8
d5 44.Bxd5 Qe8 45.Qf4+ Kg7 46.Qc7+ Kh6 47.g5+ fxg5 48.Qd6+ Kh5 49.Qf6 { } {#r}
1-0

[Event "It (cat.7)"]
[Site "masterchessopen.com Schaumburg (USA)"]
[Date "2006.04.21"]
[Round "8"]
[White "Golod Vitali (ISR)"]
[Black "Kopec Danny (USA)"]
[Result "1-0"]
[WhiteElo "2582"]
[BlackElo "2354"]

1.d4 Nf6 2.c4 e6 3.Nc3 Bb4 4.Qc2 d6 5.Bd2 Nc6 6.Nf3 O-O 7.a3 Bxc3 8.Bxc3 Qe7
9.b4 e5 10.dxe5 Nxe5 11.Nxe5 dxe5 12.g3 Re8 13.Bg2 c6 14.O-O h5 15.Rfd1 h4
16.b5 hxg3 17.hxg3 c5 18.Bd2 Ng4 19.f3 Nf6 20.Bg5 e4 21.Qc3 exf3 22.exf3 Ne4
23.Bxe7 Nxc3 24.Re1 Be6 25.Bxc5 Rec8 26.Bd6 Rxc4 27.Bf1 Rcc8 28.a4 a6 29.bxa6
bxa6 30.Be5 Bd7 31.Rec1 Nxa4 32.Rxc8+ Rxc8 33.Bxa6 Rc5 34.Bd4 Rd5 35.Be3 Nc3
36.Bc4 Re5 37.Kf2 Re8 38.Bd2 Rc8 39.Bb3 Nb5 40.Be3 Rc3 41.Ba4 Rc4 42.g4 Be8
43.Bb3 Rc3 44.Bd5 Rc2+ 45.Kg3 Rc3 46.Bf2 Nc7 47.Be4 Bc6 48.Be1 Rc4 49.Bd3 Rd4
50.Bf5 g6 51.Bc2 {#r} 1-0

[Event "It (cat.7)"]
[Site "masterchessopen.com Budapest (Hungary)"]
[Date "2006.06.11"]
[Round "8"]
[White "Fodor Tamas Jr (HUN)"]
[Black "Ilincic Zlatko (SRB)"]
[Result "1-0"]
[WhiteElo "2402"]
[BlackElo "2451"]

1.d4 Nf6 2.c4 e6 3.Nc3 Bb4 4.Qc2 d6 5.Nf3 c5 6.a3 Ba5 7.g3 Nc6 8.dxc5 dxc5
9.Bd2 e5 10.Bg2 O-O 11.O-O Re8 12.Bg5 Bxc3 13.bxc3 h6 14.Rad1 Qe7 15.Bxf6 Qxf6
16.Nd2 Bf5 17.Be4 Bxe4 18.Nxe4 Qe7 19.Qa4 Rec8 20.Rd5 b6 21.Nd6 Rc7 22.Rfd1 e4
23.Qc2 e3 24.f4 g6 25.Qd3 a6 26.Kg2 Rd8 27.f5 g5 28.f6 Qe6 29.Nf5 Rf8 30.Rd6
Ne5 31.Rxe6 Nxd3 32.Re7 Nf2 33.Rd6 Rcc8 34.Nxe3 {#r} 1-0

[Event "It (open)"]
[Site "masterchessopen.com Oberwart (Austria)"]
[Date "2006.07.08"]
[Round "1"]
[White "Korn Andreas (AUT)"]
[Black "Hera Imre Jr (HUN)"]
[Result "0-1"]
[WhiteElo "2044"]
[BlackElo "2510"]

1.d4 Nf6 2.c4 e6 3.Nc3 Bb4 4.Qc2 d6 5.Nf3 Nbd7 6.e4 c5 7.d5 exd5 8.exd5 O-O
9.Be2 Re8 10.O-O Bxc3 11.bxc3 Nf8 12.Bd3 Bg4 13.Ng5 h6 14.Ne4 Nxe4 15.Bxe4 Qf6
16.h3 Bh5 17.Bb2 Bg6 18.Rae1 Qh4 19.Bd3 Bxd3 20.Qxd3 Ng6 21.Bc1 Ne5 22.Qe4
Qxe4 23.Rxe4 Nd3 24.Rxe8+ Rxe8 25.Rd1 Nxc1 26.Rxc1 Re2 27.Rb1 b6 28.a3 Re4
29.Kf1 Rxc4 30.Rc1 Ra4 31.Ra1 b5 32.Ke2 b4 {#R} 0-1

[Event "Tournament (Elo)"]
[Site "masterchessopen.com Lubawka (Poland)"]
[Date "2006.07.10"]
[Round "3"]
[White "Sanetra Szymon (POL)"]
[Black "Krupa Monika (POL)"]
[Result "0-1"]
[WhiteElo "2048"]
[BlackElo "2309"]

1.d4 Nf6 2.c4 e6 3.Nc3 Bb4 4.Qc2 d6 5.Nf3 O-O 6.e4 Bxc3+ 7.bxc3 c5 8.Bg5 h6
9.Bh4 e5 10.Bd3 Nc6 11.O-O cxd4 12.cxd4 Bg4 13.d5 Nb4 14.Qb3 Na6 15.Nd2 Nc5
16.Qc2 g5 17.Bg3 Nh5 18.f3 Bd7 19.Bf2 Rc8 20.Nb3 Nxd3 21.Qxd3 Nf4 22.Qc2 Bb5
23.Nd2 Bxc4 24.Nxc4 b5 25.Bxa7 Rxc4 26.Qf2 Qa5 27.Be3 Rfc8 28.Bd2 Qa3 29.Qe3
Qxe3+ 30.Bxe3 Ne2+ 31.Kh1 Rc2 32.Rfd1 R8c3 33.Bd2 Rd3 34.Bb4 Rxa2 35.Bxd6 Nc3
36.Rdc1 f5 37.Bxe5 b4 38.h3 Rxa1 39.Rxa1 fxe4 40.d6 e3 41.Re1 Kf7 42.Kh2 b3
43.d7 Ke7 44.Bd4 Kxd7 45.Bxe3 b2 {#R} 0-1

[Event "It \"]
[Site "masterchessopen.com Kitchener (Canada)"]
[Date "2006.07.18"]
[Round "4"]
[White "Mikanovic Goran (CAN)"]
[Black "Hecht Hans-Joachim (GER)"]
[Result "1/2-1/2"]
[WhiteElo "2284"]
[BlackElo "2391"]

1.d4 Nf6 2.c4 e6 3.Nc3 Bb4 4.Qc2 d6 5.a3 Bxc3+ 6.Qxc3 O-O 7.Bg5 Nbd7 8.f3 c5
9.dxc5 dxc5 10.e3 b6 11.Nh3 Bb7 12.Rd1 Qe7 13.Bd3 h6 14.Bh4 Rfd8 15.O-O Nf8
16.Qc2 e5 17.Nf2 Ne6 18.Ne4 Bxe4 19.Bxe4 Rxd1 20.Rxd1 Rd8 21.Bd5 Ng5 22.Bxg5
hxg5 23.Qf5 Nxd5 24.Rxd5 g6 25.Qd3 Rxd5 26.cxd5 Qd6 27.e4 Kf8 28.h3 Ke7 29.a4
Qc7 30.b3 Qb7 31.Qc3 Kd6 32.Kf2 f5 33.Qd2 f4 34.Qd3 a6 35.Qc3 Qc7 36.Ke2 b5
37.axb5 axb5 38.Qa1 Qb6 39.Qa8 c4 40.Qf8+ Kd7 41.Qf7+ Kd8 42.Qf8+ {#d} 1/2-1/2

[Event "It (open)"]
[Site "masterchessopen.com Avoine (France)"]
[Date "2006.07.27"]
[Round "6"]
[White "Gerard Nicolas (FRA)"]
[Black "Dgebuadze Alexandre (BEL)"]
[Result "0-1"]
[WhiteElo "2333"]
[BlackElo "2527"]

1.d4 Nf6 2.c4 e6 3.Nc3 Bb4 4.Qc2 d6 5.a3 Bxc3+ 6.Qxc3 Nbd7 7.Bg5 h6 8.Bxf6
Qxf6 9.e3 b6 10.Be2 Ba6 11.Bf3 Rc8 12.Bc6 Ke7 13.b4 Nb8 14.Bf3 c6 15.Ne2 Rc7
16.c5 dxc5 17.bxc5 Nd7 18.O-O Rhc8 19.Qb4 bxc5 20.dxc5 Ne5 21.Bh5 Qg5 22.Ng3
Rb7 23.Qc3 Nd3 24.Rfd1 Qf6 25.Qxf6+ gxf6 26.Bf3 f5 27.Rab1 Rxb1 28.Rxb1 Nxc5
29.Rc1 Nd3 30.Rxc6 Rxc6 31.Bxc6 Ne5 32.Ba8 Bb5 33.e4 f4 34.Nh5 Kd7 35.Nxf4 Kc7
36.g3 Kb8 37.Nd5 exd5 38.Bxd5 f6 39.f4 Nd7 40.g4 Kc7 41.h4 Nb6 42.Bf7 Bc4
43.Bh5 Bg8 44.g5 fxg5 45.hxg5 hxg5 46.fxg5 Nc4 47.a4 Kd6 48.Bg6 Ne5 49.Be8 Nf7
50.Kf2 Nxg5 51.Ke3 Ke5 52.Bc6 Bh7 53.a5 Bxe4 54.Bd7 Kd5 55.Bc8 Kc5 56.Kf4 Nf7
57.Be6 Nd6 {#R} 0-1